|
|
|
|
| LEADER |
00000cam a2200000 7i4500 |
| 001 |
0000011399 |
| 005 |
20230721.0 |
| 008 |
030819 enk eng |
| 020 |
|
|
|a 0751337048 (pbk)
|
| 040 |
|
|
|a INS
|
| 090 |
0 |
0 |
|a WA292
|b .E53 2002
|
| 245 |
1 |
0 |
|a Emergency First Aid :
|b the authorised manual of St. John Ambulance, St. Andrew 's Ambulance Associations, and the British Red Cross
|
| 260 |
|
|
|a London :
|b Dorling Kindersley ,
|c 2002
|
| 300 |
|
|
|a 32 p. :
|b col. ill. ;
|c 21 cm.
|
| 650 |
|
0 |
|a First aid in illness and injury
|x Handbooks, manuals, etc.
|
| 999 |
|
|
|a 0000010500
|b BOOK
|c Open Shelf
|e Default branch
|
| 999 |
|
|
|a 0000010851
|b BOOK
|c Open Shelf
|e Default branch
|
| 999 |
|
|
|a 0000013249
|b BOOK
|c Open Shelf
|e Default branch
|
| 999 |
|
|
|a 0000013944
|b BOOK
|c Open Shelf
|e Default branch
|